LEADER 00943nam0-22003011i-450- 001 990000470060403321 005 20080714100002.0 035 $a000047006 035 $aFED01000047006 035 $a(Aleph)000047006FED01 035 $a000047006 100 $a20020821d1965----km-y0itay50------ba 101 0 $aeng 105 $aa-------001yy 200 1 $aIntroductory computer methods and numerical analysis$fRalph H. Pennington 210 $aNew York$cMacMillan$aLondon$cCollier-MacMillan$d©1965 215 $a452 p.$cill.$d24 cm 610 0 $aAnalisi numerica$aElaborazione dei dati 610 0 $aLinguaggi di programmazione$aFortran 676 $a517.6 700 1$aPennington,$bRalph H.$025934 801 0$aIT$bUNINA$gRICA$2UNIMARC 901 $aBK 912 $a990000470060403321 952 $a10 P.T. 113$b448 CCE$fDINEL 959 $aDINEL 996 $aIntroductory computer methods and numerical analysis$9331986 997 $aUNINA LEADER 01067nam--2200337---450- 001 990003409930203316 005 20100608163309.0 010 $a88-14-14875-9 035 $a000340993 035 $aUSA01000340993 035 $a(ALEPH)000340993USA01 035 $a000340993 100 $a20100608d2009----km-y0enga50------ba 101 0 $aita 102 $aIT 105 $ay|||z|||001yy 200 1 $a<> onorari dell'avvocato$ecommento analitico di tutte le voci della tariffa...$econ software per la redazione elettronica delle parcelle$fGiovanni Angeloni 210 $aMilano$cGiuffrè$d2009 215 $aXIII, 277 p.$d24 cm$e1 CD-Rom 606 0 $aAvvocati$xOnorari 676 $a344.450178134 701 1$aANGELONI,$bGiovanni$0570324 801 0$aIT$bsalbc$gISBD 912 $a990003409930203316 951 $aXXV.2.C. 392$b63201 G.$cXXV.2.C.$d00259315 959 $aBK 969 $aGIU 979 $aFIORELLA$b90$c20100608$lUSA01$h1630 979 $aFIORELLA$b90$c20100608$lUSA01$h1633 996 $aOnorari dell'avvocato$91125660 997 $aUNISA LEADER 05875oam 2200757I 450 001 9910955008703321 005 20251117115652.0 010 $a1-136-54698-7 010 $a1-136-54699-5 010 $a1-282-78918-X 010 $a9786612789182 010 $a1-84977-427-7 010 $a1-4175-2247-X 024 7 $a10.4324/9781849774277 035 $a(CKB)111090529263846 035 $a(EBL)585449 035 $a(OCoLC)55891993 035 $a(SSID)ssj0000240115 035 $a(PQKBManifestationID)11924953 035 $a(PQKBTitleCode)TC0000240115 035 $a(PQKBWorkID)10251565 035 $a(PQKB)10246568 035 $a(Au-PeEL)EBL585449 035 $a(CaPaEBR)ebr10420028 035 $a(CaONFJC)MIL278918 035 $a(MiAaPQ)EBC585449 035 $a(EXLCZ)99111090529263846 100 $a20180706d2003 uy 0 101 0 $aeng 135 $aur|n|---||||| 181 $ctxt 182 $cc 183 $acr 200 10$aRural planning in developing countries $esupporting natural resource management and sustainable livelihoods /$fBarry Dalal-Clayton, David Dent, and Olivier Dubois 205 $a1st ed. 210 1$aLondon ;$aSterling, Va. :$cEarthscan,$d2003. 215 $a1 online resource (249 p.) 300 $aPublished in association with the International Institute for Environment and Development. 311 08$a1-85383-939-6 311 08$a1-85383-938-8 320 $aIncludes bibliographical references (p. [201]-218) and index. 327 $aRural Planning in Developing CountriesSupporting Natural Resource Management and Sustainable Livelihoods; Copyright; Contents; List of figures, boxes and tables; About the authors; Preface; Acknowledgements; Authors' note; List of acronyms and abbreviations; Introduction; 1 Lessons from experience; Rural planning: perspectives, concepts and the objectives and roles of government; Experience of regional planning; A move to decentralized rural and regional planning; Focus on poverty and rural livelihoods; Sustainable livelihoods; Stakeholders; Land tenure; Security of tenure 327 $aCoordinating tenure incentives and disincentivesRural-urban linkages; Income diversification; Migration; Implications for planning; The dilemma of planning for the urban-rural interface; 2 Conventional, technical planning approaches; Resource surveys for planning; Land evaluation; Land capability classification; The USBR system; FAO framework for land evaluation; Parametric indices; Process models; Financial and economic evaluation; Strategic land evaluation; Land use planning; Sectoral plans; Land allocation procedures; Multiple criteria analysis; Resource management domains 327 $aLand use planning experience in developing countriesFAO guidelines for land use planning; Faith in negotiation; Impact assessment; Decentralized district planning; Some planning responses to the challenge of sustainable development; Techniques; National and regional planning exercises; Sustainable development strategies; National strategies; Sub-national strategies; Local-level strategies; Some common features of existing strategic planning processes; Guidance on strategies for sustainable development; A continual learning approach; Sustainable development indicators 327 $aPros and cons of conventional approachesCommon limitations of natural resource surveys; Terms of reference; Comprehension; Usefulness; Inappropriate planning methods and inappropriate data: a failure of institutions; 3 Approaches to participation in planning; The need for participation; Perceptions of participation; Horizontal and vertical participation; Participatory learning and action; Participatory planning; Examples of local-level resource planning; Scaling-up and linking bottom-up and top-down planning; Regional rural development; Rapid district appraisal (RDA) 327 $aParticipatory approaches in large-scale projectsThe catchment approach; NGOs as catalysts; The gestion de terroir approach in francophone West Africa; Participatory planning in Latin America; Approaches in the forestry sector; Landcare in Australia; Limitations of participation; The quality of information; Costs of participation; Great expectations; Dealing with power; Conclusions; 4 A basis for collaborating; The natural resources battlefield; Constraints and opportunities for collaboration; Concepts and methods in collaborative management of natural resources; Stakeholders 327 $aDonors as stakeholders 330 $aThis book provides an international perspective on rural planning, focused on developing countries. It examines conventional development planning and innovative local planning approaches, drawing together lessons from recent experience of rural planning and land use. The authors examine past and current practice and ways that land use planning and management of natural resources can underpin sustainable local livelihoods. They draw on case studies from Africa, Asia and Latin America to present findings relevant throughout the developing world. 606 $aRural development$xEnvironmental aspects$zDeveloping countries 606 $aNatural resources$zDeveloping countries$xManagement 606 $aSustainable development$zDeveloping countries 615 0$aRural development$xEnvironmental aspects 615 0$aNatural resources$xManagement. 615 0$aSustainable development 676 $a307.1/412/091724 700 $aDalal-Clayton$b D. B$g(D. Barry),$01875140 701 $aDent$b David$085984 701 $aDubois$b Olivier$f1957-$01309937 712 02$aInternational Institute for Environment and Development. 801 0$bMiAaPQ 801 1$bMiAaPQ 801 2$bMiAaPQ 906 $aBOOK 912 $a9910955008703321 996 $aRural planning in developing countries$94486066 997 $aUNINA